<?xml version="1.0" encoding="UTF-8"?>
<record
    xmlns:xsi="http://www.w3.org/2001/XMLSchema-instance"
    xsi:schemaLocation="http://www.loc.gov/MARC21/slim http://www.loc.gov/standards/marcxml/schema/MARC21slim.xsd"
    xmlns="http://www.loc.gov/MARC21/slim">

  <leader>03312nmm a2200433   4500</leader>
  <controlfield tag="001"> 51053</controlfield>
  <controlfield tag="003">Biblioteca APEC</controlfield>
  <controlfield tag="005">20251014134039.0</controlfield>
  <controlfield tag="008">170930b2016    dr ||||| |||| 00| 0 spa d</controlfield>
  <datafield tag="040" ind1=" " ind2=" ">
    <subfield code="c">Biblioteca UNAPEC</subfield>
    <subfield code="a">Biblioteca UNAPEC</subfield>
    <subfield code="b">spa</subfield>
    <subfield code="e">rda</subfield>
  </datafield>
  <datafield tag="041" ind1=" " ind2=" ">
    <subfield code="a">spa</subfield>
  </datafield>
  <datafield tag="072" ind1=" " ind2=" ">
    <subfield code="a">Facultad de Humanidades</subfield>
  </datafield>
  <datafield tag="090" ind1=" " ind2=" ">
    <subfield code="a">TPG-CI MAS-04 2016</subfield>
  </datafield>
  <datafield tag="100" ind1="1" ind2=" ">
    <subfield code="a">Carmona Penzo, Carlos Manuel</subfield>
    <subfield code="9">4363</subfield>
    <subfield code="e">autor</subfield>
  </datafield>
  <datafield tag="245" ind1="1" ind2="0">
    <subfield code="a">Estrategias de aplicaci&#xF3;n de la trigonometr&#xED;a esf&#xE9;rica en la navegaci&#xF3;n ortodr&#xF3;mica /</subfield>
    <subfield code="c">Carlos Manuel Carmona Penzo ; asesor: Ignacio de la Caridad P&#xE9;rez Yzquierdo</subfield>
  </datafield>
  <datafield tag="260" ind1=" " ind2=" ">
    <subfield code="a">Santo Domingo, DO :</subfield>
    <subfield code="b">Universidad APEC,</subfield>
    <subfield code="c">2016</subfield>
  </datafield>
  <datafield tag="300" ind1=" " ind2=" ">
    <subfield code="a">1 CD ROM</subfield>
  </datafield>
  <datafield tag="336" ind1=" " ind2=" ">
    <subfield code="a">Texto</subfield>
    <subfield code="b">txt</subfield>
    <subfield code="2">rdacontent</subfield>
  </datafield>
  <datafield tag="337" ind1=" " ind2=" ">
    <subfield code="a">ordenador</subfield>
    <subfield code="b">c</subfield>
    <subfield code="2">rdamedia</subfield>
  </datafield>
  <datafield tag="338" ind1=" " ind2=" ">
    <subfield code="a">recurso en l&#xED;nea</subfield>
    <subfield code="b">cr</subfield>
    <subfield code="2">rdacarrier</subfield>
  </datafield>
  <datafield tag="500" ind1=" " ind2=" ">
    <subfield code="a">CAMPUS I</subfield>
  </datafield>
  <datafield tag="500" ind1=" " ind2=" ">
    <subfield code="a">Tesis en Formato PDF</subfield>
  </datafield>
  <datafield tag="500" ind1=" " ind2=" ">
    <subfield code="a">Tesis en Formato Electr&#xF3;nico</subfield>
  </datafield>
  <datafield tag="500" ind1=" " ind2=" ">
    <subfield code="a">Tesis en Formato Digital</subfield>
  </datafield>
  <datafield tag="502" ind1=" " ind2=" ">
    <subfield code="a">Tesis (Maestr&#xED;a en Matem&#xE1;tica Superior) - Universidad APEC, 2016</subfield>
  </datafield>
  <datafield tag="505" ind1=" " ind2=" ">
    <subfield code="a">NOCIONES B&#xC1;SICAS DE TRIGONOMETR&#xCD;A ESF&#xC9;RICA
- Trigonometr&#xED;a
- Trigonometr&#xED;a plana
- Clasificaci&#xF3;n de los tri&#xE1;ngulos planos
- Trigonometr&#xED;a esf&#xE9;rica
- Geometr&#xED;a sobre la superficie de una esfera
- Tri&#xE1;ngulo esf&#xE9;rico oblicu&#xE1;ngulo
- Tri&#xE1;ngulo esf&#xE9;rico oblicu&#xE1;ngulo (soluciones alternas)
- M&#xE9;todo del &#xE1;ngulo auxiliar
- M&#xE9;todo de la ecuaci&#xF3;n de 2do grado
- Resoluci&#xF3;n del tri&#xE1;ngulo esf&#xE9;rico
NAVEGACI&#xD3;N ORTODR&#xD3;MICA
- Elementos b&#xE1;sicos de la navegaci&#xF3;n ortodr&#xF3;mica
- Navegaci&#xF3;n a lo largo de un paralelo
- Navegci&#xF3;n en un plano
- Navegaci&#xF3;n por latitud media
- Estima
- Navegaci&#xF3;n a lo largo de una circunferencia m&#xE1;xima
APLICACI&#xD3;N DE LA TRIGONOMETR&#xCD;A ESF&#xC9;RICA EN LA NAVEGACI&#xD3;N ORTODR&#xD3;MICA
- Caso did&#xE1;ctico de aplicaci&#xF3;n de la trigonometr&#xED;a en la navegaci&#xF3;n ortodr&#xF3;mica
Conclusiones
Recomendaciones  </subfield>
  </datafield>
  <datafield tag="520" ind1=" " ind2=" ">
    <subfield code="a">RESUMEN:
La trigonometr&#xED;a esf&#xE9;rica como estrategia para la navegaci&#xF3;n ortodr&#xF3;mica es una herramienta fundamental de la navegaci&#xF3;n en ausencia de instrumentos electr&#xF3;nicos. 
El planteamiento de las estrategias para la navegaci&#xF3;n ortodr&#xF3;mica, extiende su campo a la navegaci&#xF3;n mar&#xED;tima, &#xE1;rea y espacial, es donde radica su mayor importancia. Su aplicaci&#xF3;n en la docencia, desarrollar&#xE1; en el egresado las competencias globales y necesarias enmarcadas en los aspectos de navegaci&#xF3;n a larga distancias. El primer cap&#xED;tulo nos ofrece un panorama de las caracter&#xED;sticas de los tri&#xE1;ngulos esf&#xE9;ricos. 
En el segundo cap&#xED;tulo se tratan los elementos b&#xE1;sicos de la navegaci&#xF3;n ortodr&#xF3;mica, y finaliza con un tercer cap&#xED;tulo, donde exponemos los ejemplos did&#xE1;cticos de aplicaci&#xF3;n de la trigonometr&#xED;a esf&#xE9;rica en la navegaci&#xF3;n ortodr&#xF3;mica. </subfield>
  </datafield>
  <datafield tag="650" ind1=" " ind2=" ">
    <subfield code="a">Trigonometr&#xED;a</subfield>
    <subfield code="9">6295</subfield>
  </datafield>
  <datafield tag="650" ind1=" " ind2=" ">
    <subfield code="a">Trigonometr&#xED;a esf&#xE9;rica</subfield>
    <subfield code="9">6296</subfield>
  </datafield>
  <datafield tag="650" ind1=" " ind2=" ">
    <subfield code="a">Triangulos esf&#xE9;ricos</subfield>
    <subfield code="9">6297</subfield>
  </datafield>
  <datafield tag="650" ind1=" " ind2=" ">
    <subfield code="a">Esfera</subfield>
    <subfield code="9">6298</subfield>
  </datafield>
  <datafield tag="650" ind1=" " ind2=" ">
    <subfield code="a">Geometr&#xED;a</subfield>
    <subfield code="9">6299</subfield>
  </datafield>
  <datafield tag="650" ind1=" " ind2=" ">
    <subfield code="a">Geometr&#xED;a del espacio</subfield>
    <subfield code="9">6300</subfield>
  </datafield>
  <datafield tag="650" ind1=" " ind2=" ">
    <subfield code="a">Trigonometr&#xED;a plana</subfield>
    <subfield code="9">6301</subfield>
  </datafield>
  <datafield tag="700" ind1=" " ind2=" ">
    <subfield code="a">P&#xE9;rez Izquierdo, Ignacio de la Caridad</subfield>
    <subfield code="e">asesor</subfield>
    <subfield code="9">4328</subfield>
  </datafield>
  <datafield tag="856" ind1=" " ind2=" ">
    <subfield code="u">https://bibliotecaunapec.blob.core.windows.net/tesis/TPG_CI_MAS_04_2016_ET170291.pdf</subfield>
    <subfield code="y">Hacer clic para ver el PDF. (2.67 MB). Trabajo de Posgrado</subfield>
  </datafield>
  <datafield tag="912" ind1=" " ind2=" ">
    <subfield code="a">AJRP</subfield>
  </datafield>
  <datafield tag="942" ind1=" " ind2=" ">
    <subfield code="2">ddc</subfield>
    <subfield code="c">E-TES</subfield>
  </datafield>
  <datafield tag="999" ind1=" " ind2=" ">
    <subfield code="c">14452</subfield>
    <subfield code="d">14452</subfield>
  </datafield>
</record>
